Statystyki dla Najpopularniejsze piosenki Tayler, the Creator

Kliknij tutaj aby rozwiązać quiz!

Ogólne statystyki

  • Ten quiz został rozwiązany 3 razy
  • Średni wynik to 7 z 20

Statystyki odpowiedzi

L.p.Piosenka% Poprawnych
7.She
100%
1.Yonkers
67%
13.Awkward
33%
11.Blow
33%
20.Fin
33%
9.Find Your Wings
33%
2.Garden Shed
33%
5.I Ain’t Got Time!
33%
6.OKRA
33%
3.Oldie
33%
19.Orange Juice
33%
12.Potato Salad
33%
4.Radicals
33%
18.Rusty
33%
14.Sasquatch
33%
10.Trouble On My Mind
33%
8.WHAT THE FUCK RIGHT NOW
33%
15.White
33%
17.Garbage
0%
16.Seven
0%

Rozkład punktacji

Percentyl według liczby udzielonych odpowiedzi

Procent ludzi z każdym wynikiem

Twoja historia wyników

Nie rozwiązałeś tego quizu